|
|
|
|
| LEADER |
02675nam a2200601 i 4500 |
| 001 |
nkc20182991906 |
| 003 |
CZ PrNK |
| 005 |
20180509105027.0 |
| 007 |
ta |
| 008 |
180417s2016 xr a f 000 0 cze |
| 015 |
|
|
|a cnb002991906
|
| 020 |
|
|
|a 978-80-7440-160-2
|q (brožováno)
|
| 035 |
|
|
|a (OCoLC)1035473742
|
| 040 |
|
|
|a ABA001
|b cze
|e rda
|
| 043 |
|
|
|a e-xr---
|
| 045 |
|
|
|a x9y1
|
| 072 |
|
7 |
|a 330.5+338
|x Národní hospodářství a hospodářská politika
|2 Konspekt
|9 4
|
| 080 |
|
|
|a 339.727.22
|2 MRF
|
| 080 |
|
|
|a 330.35
|2 MRF
|
| 080 |
|
|
|a 330.5+338
|2 MRF
|
| 080 |
|
|
|a (437.3)
|2 MRF
|
| 080 |
|
|
|a (048.8)
|2 MRF
|
| 100 |
1 |
|
|a Chmelař, Aleš
|7 mzk2014823252
|4 aut
|
| 245 |
1 |
0 |
|a Analýza odlivu zisků: důsledky pro českou ekonomiku a návrhy opatření :
|b příspěvek k debatě o udržitelnosti českého hospodářského modelu :
|c kolektiv autorů: Aleš Chmelař, Michal Pícl, Jan Bittner, Stanislav Volčík, Aleš Nechuta
|
| 264 |
|
1 |
|a [Praha] :
|b Úřad vlády České republiky,
|c 2016
|
| 300 |
|
|
|a 63 stran :
|b barevné ilustrace ;
|c 25 cm
|
| 336 |
|
|
|a text
|b txt
|2 rdacontent
|
| 337 |
|
|
|a bez média
|b n
|2 rdamedia
|
| 338 |
|
|
|a svazek
|b nc
|2 rdacarrier
|
| 500 |
|
|
|a Název z obálky
|
| 500 |
|
|
|a Na obálce pod názvem: diskuzní dokumenty ÚV ČR
|
| 500 |
|
|
|a "Zpracovalo Oddělení strategií a trendů EU Sekce pro Evropské záležitosti & Odbor analýz Úřadu vlády České republiky"--Tiráž
|
| 504 |
|
|
|a Obsahuje bibliografické odkazy
|
| 648 |
|
7 |
|a 20.-21. století
|7 ch462155
|2 czenas
|
| 648 |
|
4 |
|a 1993-2015
|
| 650 |
0 |
7 |
|a zahraniční přímé investice
|7 ph116732
|z Česko
|y 20.-21. století
|2 czenas
|
| 650 |
0 |
7 |
|a ekonomický růst
|7 ph114429
|z Česko
|y 20.-21. století
|2 czenas
|
| 650 |
0 |
9 |
|a foreign direct investments
|z Czechia
|y 20th-21st centuries
|2 eczenas
|
| 650 |
0 |
9 |
|a economic development
|z Czechia
|y 20th-21st centuries
|2 eczenas
|
| 651 |
|
7 |
|a Česko
|7 ge128065
|x makroekonomický vývoj
|y 20.-21. století
|2 czenas
|
| 651 |
|
9 |
|a Czechia
|x macroeconomic development
|y 20th-21st centuries
|2 eczenas
|
| 655 |
|
7 |
|a studie
|7 fd133597
|2 czenas
|
| 655 |
|
9 |
|a studies
|2 eczenas
|
| 700 |
1 |
|
|a Pícl, Michal
|7 xx0199627
|4 aut
|
| 700 |
1 |
|
|a Bittner, Jan,
|d 1991-
|7 xx0215995
|4 aut
|
| 700 |
1 |
|
|a Volčík, Stanislav
|7 xx0215996
|4 aut
|
| 700 |
1 |
|
|a Nechuta, Aleš
|7 xx0216000
|4 aut
|
| 710 |
1 |
|
|a Česko.
|b Úřad vlády.
|b Sekce pro evropské záležitosti
|7 ko2018989977
|4 oth
|
| 710 |
1 |
|
|a Česko.
|b Úřad vlády.
|b Odbor analýz a informací
|7 ko2017965120
|4 oth
|
| 910 |
2 |
|
|a BOA001
|b 2-1407.305
|
| 990 |
|
|
|a BK
|
| 995 |
|
|
|a 01
|
| 996 |
6 |
|
|b 2610742544
|c 2-1407.305
|l MZK
|r Sklad / do 1 hodiny
|n 0
|p p.v.
|w 001663406
|u 000010
|a 1
|e BOA001
|j MZK50
|s P
|